Statistics for Crowd-Sourced General Knowledge #13

Click here to take the quiz!

General Stats

  • This quiz has been taken 26,478 times
  • The average score is 13 of 20

Answer Stats

QuestionAnswer% Correct
What is the Spanish word for "friend"?Amigo
96%
Who is Batman's sidekick?Robin
96%
What was described as "The War to End All Wars"?
narrator: it wasn't
World War I
89%
In which mobile app do you "swipe" the screen to assess potential love interests?Tinder
84%
What country experienced Tulipmania in the 1630s?Dutch Republic
77%
What was the name of the Russian city of Volgograd between 1925–1961?{Stalin}grad
77%
What language was "The Communist Manifesto" written in?German
76%
Who composed "Für Elise"?Ludwig van Beethoven
76%
By area, what is the largest country in Africa?Algeria
72%
What video game heroine was inspired by Indiana Jones?Lara Croft
72%
What "guy" helped plan the Gunpowder Plot?Guy Fawkes
65%
What sea does the Rhine river empty into?{North} Sea
65%
Which of Santa's reindeer comes first alphabetically?Blitzen
60%
What is the most spoken language beginning with "K"?Korean
55%
What surname is shared by the creator of the smallpox vaccine and
a transgender reality TV star?
Jenner
51%
What sport can you play at Pebble Beach, for a price of at least $700?Golf
50%
And finally, what's the answer to the ultimate question of life,
the universe, and everything?
42
49%
Which Old Testament book has the shortest name of any book in the Bible?Job
46%
Who was the oldest person to sign the U.S. Declaration of Independence?Benjamin Franklin
44%
What Italian writer said "it is far safer to be feared than loved"?Niccolò Machiavelli
35%

Score Distribution

Percentile by Number Answered

Percent of People with Each Score

Your Score History

You have not taken this quiz